| 000 | 01011cam a22003011 4500 | ||
|---|---|---|---|
| 001 | 16948 | ||
| 003 | BD-RjUL | ||
| 005 | 20211209000053.0 | ||
| 008 | 140215s1962 paua b 001 0 eng | ||
| 035 | _a(BD-RjUL)17004 | ||
| 035 | _a(OCoLC)852256 | ||
| 040 |
_aDLC _cOU _dOCoLC _dDLC _beng |
||
| 041 | _aeng | ||
| 082 |
_a813.4 _bEDH 1962 |
||
| 100 | 1 |
_aEdel, Leon, _d1907-1997. _952299 |
|
| 245 | 1 | 0 |
_aHenry James : _pThe conquest of London, 1870-1883 / _bLeon Edel, |
| 250 | _a[1st ed.] | ||
| 260 |
_aPhiladelphia : _bLippincott _c[1962] |
||
| 300 |
_a465 p. : _billus. ; _c22 cm. |
||
| 504 | _aIncludes Index and bibliographical references. | ||
| 600 | 1 | 0 |
_aJames, Henry, _d1843-1916 _xHomes and haunts _zEngland _zLondon. _952300 |
| 650 | 0 |
_aAuthors, American _y19th century _vBiography. _952301 |
|
| 650 | 0 |
_aAmericans _zEngland _zLondon _vBiography. _952302 |
|
| 651 | 0 |
_aLondon (England) _xIntellectual life _y19th century. _952303 |
|
| 942 |
_2ddc _cBK |
||
| 999 |
_c16948 _d16948 |
||